Sports Quiz

Random Sports or NCAA Quiz

Best Tournament Performances Quiz Stats

 Plays Quiz not verified by Sporcle

Support Sporcle.
Go Orange.
Score 0/154 Timer 20:00
0 Plays Today
Team Player % Correct
RichmondKelvin Johnson
73.4%
San FranciscoOllie Johnson
73.4%
GeorgetownReggie Williams
70.9%
IllinoisDeron Williams
70.9%
PurdueGlenn Robinson
67.1%
NavyDavid Robinson
65.8%
CincinnatiOscar Robertson
63.3%
DavidsonStephen Curry
59.5%
Indiana StateLarry Bird
59.5%
Murray StatePopeye Jones
57%
Long IslandCharles Jones
57%
Louisiana TechKarl Malone
57%
DrexelMalik Rose
57%
GonzagaAdam Morrison
55.7%
MichiganGlen Rice
55.7%
UCLABill Walton
55.7%
MarylandJuan Dixon
54.4%
MassachusettsMarcus Camby
53.2%
MissouriWillie Smith
49.4%
Loyola MarymountBo Kimble
49.4%
ValparaisoBryce Drew
48.1%
BYUDanny Ainge
46.8%
Ohio StateJerry Lucas
46.8%
PrincetonBill Bradley
45.6%
ConnecticutRay Allen
44.3%
StanfordBrook Lopez
44.3%
North Carolina StateDavid Thompson
44.3%
GeorgiaWillie Anderson
44.3%
Notre DameAustin Carr
43%
SyracuseGerry McNamara
43%
Oregon StateGary Payton
43%
ArizonaDerrick Williams
41.8%
Kansas StateJacob Pullen
40.5%
HoustonElvin Hayes
39.2%
Texas A&MAcie Law
38%
WisconsinMichael Finley
38%
BradleyHersey Hawkins
36.7%
George MasonGeorge Evans
36.7%
Miami OhioWally Szczerbiak
35.4%
AuburnChris Morris
35.4%
ClemsonDale Davis
34.2%
OklahomaStacey King
34.2%
La SalleMichael Brooks
34.2%
Arizona StateByron Scott
32.9%
Georgia TechDennis Scott
32.9%
NortheasternReggie Lewis
31.6%
ArizonaKhalid Reeves
30.4%
Florida StateSam Cassell
30.4%
KentuckyDan Issel
30.4%
XavierJordan Crawford
30.4%
St. BonaventureFred Crawford
30.4%
MaristRik Smits
30.4%
Team Player % Correct
LSUBob Pettit
29.1%
AlabamaAntonio McDyess
29.1%
NiagaraCalvin Murphy
27.8%
CaliforniaLamond Murray
25.3%
VillanovaHoward Porter
25.3%
ProvidenceAustin Croshere
25.3%
OregonTajuan Porter
25.3%
Weber StateHarold Arceneaux
24.1%
Fresno StateDemetrius Porter
24.1%
ConnecticutBen Gordon
24.1%
ConnecticutKemba Walker
24.1%
TennesseeErnie Grunfeld
22.8%
FloridaVernon Maxwell
21.5%
KansasClyde Lovellette
21.5%
CharlotteCedric Maxwell
21.5%
Michigan StateGreg Kelser
20.3%
Saint MarysOmar Samhan
20.3%
SienaMarc Brown
20.3%
NebraskaEric Piatkowski
20.3%
DukeJeff Mullins
19%
UNLVArmon Gilliam
17.7%
JacksonvilleArtis Gilmore
17.7%
VermontT.J. Sorrentine
16.5%
CreightonTerrell Taylor
16.5%
WyomingFennis Dembo
16.5%
George WashingtonShawnta Rogers
16.5%
OaklandRawie Marshall
15.2%
North Carolina-WilmingtonBrett Blizzard
15.2%
New MexicoRon Nelson
12.7%
Kent StateTrevor Huffman
12.7%
North CarolinaLennie Rosenbluth
11.4%
OhioArmon Bassett
11.4%
UtahJerome Chambers
11.4%
Wake ForestLen Chappell
11.4%
Wisconsin-MilwaukeeJoah Tucker
11.4%
MemphisRoburt Sallie
10.1%
MinnesotaWillie Burton
10.1%
Wisconsin-Green BayJeff Nordgaard
10.1%
ButlerDarnell Archey
8.9%
Seton HallJohn Morton
8.9%
Miami FloridaJack McClinton
8.9%
TCULee Nailon
8.9%
BaylorCurtis Jerrells
7.6%
Boston CollegeJohn Bagley
7.6%
DaytonRoosevelt Chapman
7.6%
LouisvilleJunior Bridgeman
7.6%
New Mexico StateJimmy Collins
7.6%
TempleHal Lear
7.6%
TexasTravis Mays
7.6%
VanderbiltMatt Freije
7.6%
DePaulDave Corzine
6.3%
Texas TechRonald Ross
6.3%
Team Player % Correct
South CarolinaTom Riker
6.3%
Old DominionPetey Sessoms
5.1%
Iowa StateLafester Rhodes
5.1%
Ball StateRay McCallum
5.1%
HarvardWyndol Gray
5.1%
Wichita StateDave Stallworth
5.1%
Mississippi StateCharles Rhodes
3.8%
UTEPJim Barnes
3.8%
VCURolando Lamb
3.8%
WinthropCraig Bradshaw
3.8%
ArkansasMario Credit
3.8%
Loyola ChicagoJerry Harkness
3.8%
Long Beach StateEd Ratleff
3.8%
RutgersPhil Sellers
3.8%
MarquetteTerry Rand
2.5%
West VirginiaRod Thorn
2.5%
Western KentuckyJim McDaniels
2.5%
Penn StateJesse Arnelle
2.5%
IndianaDon Schlundt
2.5%
ColoradoCliff Meely
2.5%
MississippiRahim Lockhart
2.5%
VirginiaRichard Morgan
2.5%
New OrleansLedell Eackles
2.5%
IonaSteve Burtt
2.5%
HawaiiPredrag Savovic
2.5%
New YorkBarry Kramer
2.5%
Utah StateWayne Estes
1.3%
Rhode IslandTom Garrick
1.3%
Southern MethodistJim Krebs
1.3%
Santa ClaraDennis Awtrey
1.3%
FurmanClyde Mayes
1.3%
Holy CrossTogo Palazzi
1.3%
Southern IllinoisMike Glenn
1.3%
MontanaEric Hays
0%
Morehead StateDan Swartz
0%
Oklahoma StateBob Mattick
0%
PittsburghJohn Riser
0%
San Diego StateAl Faux
0%
USCJohn Rudometkin
0%
WashingtonBob Houbregs
0%
St. John'sBob Zawoluk
0%
Saint Joseph'sJack Egan
0%
Central MichiganMike Manciel
0%
Colorado StateSonny Bustion
0%
Southern MissDarrin Chancellor
0%
Washington StatePaul Lindeman
0%
IowaBill Logan
0%
Virginia TechGlen Combs
0%
UABMckinley Singleton
0%
South FloridaRadenko Dobras
0%

You're not logged in!

Compare scores with friends on all Sporcle quizzes.
OR
Log In

From the Vault

Premier League Scorers by Continent

by MetsJetsKnicks

The Premier League needs more players from Zealandia.
Remove Ads.
Support Sporcle.
Get the best of Sporcle when you Go Orange. This ad-free experience offers more features, more stats, and more fun while also helping to support Sporcle. Thank you for becoming a member.

Show Comments

Extras

Top Quizzes Today


Score Distribution

Your Account Isn't Verified!

In order to create a playlist on Sporcle, you need to verify the email address you used during registration. Go to your Sporcle Settings to finish the process.

Report this User

Report this user for behavior that violates our Community Guidelines.

Details: